000 01227pab a2200193 454500
008 180718b1999 xxu||||| |||| 00| 0 eng d
100 _aKrebs, Timothy B.
245 _aThe political and demographic predictors of candidate emergence in city council elections
260 _c1999
300 _ap.279-300
362 _aNov
520 _aLegislative scholars have shown that candidates emerge when political conditions are most favorable. The topic of candidate emergence in city council elections is addressed using data collected on all 50 of Chicago's wards from 1979 to 1995. The results show that wards with open seats or vulnerable incumbents on the ballot generally have a larger and more politically experienced crop of candidates than other wards. The findings also reveal that wards with higher concentrations of black residents have significantly larger and more politically experienced candidate pools than wards with fewer blacks. Explanations for these findings are discussed. - Reproduced
650 _aLocal elections - United States
650 _aElections - United States
650 _aLocal government - United States
650 _aLocal government
773 _aUrban Affairs Review
909 _a43504
999 _c43504
_d43504